banner koha

Aspesctos morfologicos, morfometricos e histologicos da reparacao tecidual de feridas cutaneas de camundongos tratadas com oleo de copaiba (Copaifera langsdorfii) (Registro n. 160389)

MARC details
000 -LÍDER
campo de controle de tamanho fixo 01133nas a2200373 4500
001 - NÚMERO DE CONTROLE
campo de controle BR9900440
003 - IDENTIFICADOR DO NÚMERO DE CONTROLE
campo de controle BR-BrBNA
005 - DATA E HORÁRIO DA ÚLTIMA TRANSAÇÃO
campo de controle 20231205101212.0
007 - CAMPO FIXO DE DESCRIÇÃO FÍSICA--INFORMAÇÃO GERAL
campo de controle de tamanho fixo ta
008 - CAMPO DE DADOS FIXOS--INFORMAÇÃO GERAL
campo de controle de tamanho fixo 230509b bl.|||p| |||| 00| 00por d
040 ## - FONTE DA CATALOGAÇÃO
Instituição da catalogação original BR-BrBNA
Idioma da catalogação por
Instituição que transcreveu o registro Biblioteca Nacional de Agricultura
041 ## - CÓDIGO DE IDIOMA
Código do idioma do texto/trilha sonora ou título diferente (Pt)
072 ## - CÓDIGO DE CATEGORIA DE ASSUNTO
Código de Categoria de Assunto L70
100 1# - ENTRADA PRINCIPAL--NOME PESSOAL
Nome pessoal Eurides, D.
100 1# - ENTRADA PRINCIPAL--NOME PESSOAL
Nome pessoal Mazzanti, A.
100 1# - ENTRADA PRINCIPAL--NOME PESSOAL
Nome pessoal Goncalves, G.F.
100 1# - ENTRADA PRINCIPAL--NOME PESSOAL
Nome pessoal Belleti, M.E.
100 1# - ENTRADA PRINCIPAL--NOME PESSOAL
Nome pessoal Silva, L.A.F. da
100 1# - ENTRADA PRINCIPAL--NOME PESSOAL
Nome pessoal Fioravanti, M.C.S.
100 1# - ENTRADA PRINCIPAL--NOME PESSOAL
Nome pessoal Chaves, N.S.T.
100 1# - ENTRADA PRINCIPAL--NOME PESSOAL
Nome pessoal Bombonato, P.P.
100 1# - ENTRADA PRINCIPAL--NOME PESSOAL
Nome pessoal Campos, V.A. de
100 1# - ENTRADA PRINCIPAL--NOME PESSOAL
Nome pessoal Ogata, A.S.
245 1# - TÍTULO
Título Aspesctos morfologicos, morfometricos e histologicos da reparacao tecidual de feridas cutaneas de camundongos tratadas com oleo de copaiba (Copaifera langsdorfii)
650 ## - ASSUNTO--TERMO TÓPICO
Cabeçalho tópico ou nome geográfico Animal de Laboratorio
650 ## - ASSUNTO--TERMO TÓPICO
Cabeçalho tópico ou nome geográfico Camundongo
650 ## - ASSUNTO--TERMO TÓPICO
Cabeçalho tópico ou nome geográfico Lesao
650 ## - ASSUNTO--TERMO TÓPICO
Cabeçalho tópico ou nome geográfico Cicatrizacao
650 ## - ASSUNTO--TERMO TÓPICO
Cabeçalho tópico ou nome geográfico Oleo Vegetal
650 ## - ASSUNTO--TERMO TÓPICO
Cabeçalho tópico ou nome geográfico Copaiba
773 0# - ENTRADA ANALÍTICA
Título Veterinaria Noticias (Brazil)
ISSN - International Standard Serial Number ISSN 0104-3463
Partes relacionadas (1998), v.4(1) p. 77-83
Número de controle do registro BR9900440
909 ## -
-- 202311
-- Lúcia
-- 55
-- Lúcia Elande
942 ## - ELEMENTOS DE ENTRADA ADICIONADOS (KOHA)
Fonte da classificação ou esquema de arquivamento na estante Classificação AGRIS
Ocultar no OPAC Não
Tipo de material Koha Analítica
Exemplares
Situação do descarte Fonte da classificação ou esquema de arquivamento na estante Situação física Não pode ser emprestado Biblioteca de origem Biblioteca atual Localização na estante Enumeração do periódico / cronologia Total de empréstimos Data de último acesso Número do exemplar Tipo de material Koha Fonte de aquisição
  Classificação AGRIS   Consulta local Biblioteca Nacional de Agricultura - Binagri Biblioteca Nacional de Agricultura - Binagri   (1998), v.4(1) p. 77-83   29/11/2023 01 Periódicos Portaria Interministerial nº 164/94

BINAGRI

Telefone: (61)3218-2567/2388/3357/2097 - binagri@agro.gov.br

Ministério da Agricultura e Pecuária , Esplanada dos Ministérios, Bloco D, Anexo B, Brasília/DF, CEP: 70.043-900